000 00738nam a2200277Ia 4500
003 OSt
005 20220912151739.0
006 a|||||r|||| 00| 0
007 ta
008 220909b |||||||| |||| 00| 0 eng d
020 _a8120204178 (hbd)
024 _a3631
037 _cTextual
040 _aCSL
_beng
_cCSL
041 _aeng
082 _aY31.20gD65,45, N2
100 _aSharada P V
245 0 _aImpact of television on political awareness of rural masses
260 _aNew Delhi
_b Gyan Publishing House
_c1992
300 _a208p.
_ccm.
650 _a India
650 _a Rural
650 _aSociology
942 _hY31.20gD65,45, N2
_cTEXL
_2CC
999 _c74515
_d74515